| 000 | 00730nam a2200205 a 4500 | ||
|---|---|---|---|
| 001 | 000025138 | ||
| 005 | 20200930023601.0 | ||
| 008 | 110210s1973 mx b r 001 0 spa d | ||
| 040 |
_aDO-SdBNP _bspa _cBNPHU |
||
| 082 |
_axxxxx _bS491e |
||
| 100 | 1 |
_aService, Elman R. _951539 |
|
| 245 | 1 | 0 |
_aEvolución y cultura / _cElman R. service ; traducción Margarita Álvarez Franco. |
| 260 |
_aMéxico, D. F. : _bPax-México, _c1973. |
||
| 300 |
_axv, 224 p. : _bmapas. ; _c20.5 cm. |
||
| 500 | _aIncluye índice alfabético | ||
| 504 | _aIncluye referencias bibliográficas y notas al pie de las páginas. | ||
| 534 |
_aTítulo original: _tCultural evolutionism. |
||
| 700 | 1 |
_aÁlvarez Franco, Margarita, _etr. _912553 |
|
| 049 | _aBNGR | ||
| 999 |
_c24631 _d24631 |
||